Inside the middle east

Bibliographic Details
Main Author: Hiro, Dilip
Format: Book
Published: New York, St. Louis , McGraw-Hill , 1982
Subjects:

MARC

LEADER 00000cam a2200000 7i4500
001 0000003850
005 20050420.0
020 |a 0070290555 
040 |a INS 
090 0 0 |a DS63.   |b H55 1982 
100 1 |a Hiro, Dilip 
245 1 0 |a Inside the middle east   |c Dilip Hiro 
260 |a New York, St. Louis ,   |c McGraw-Hill ,   |c 1982 
300 |a xvi, 471p. 
500 |a Includes bibliography 
651 0 |a Near East   |x Economic conditions 
651 0 |a Near East   |x Politics and government 
999 |a 0000001947   |b BOOK   |c Open Shelf   |e Default branch